Pierre Hadot, La philosophie comme manière de vivre. Entretiens avec J. Carlier et A. Davidson, Paris, Albin Michel, 2001, 283 p., 18,29 E. (notice n° 1657082)
[ vue normale ]
| 000 -LEADER | |
|---|---|
| fixed length control field | 00600cam a2200145 4500500 |
| 005 - DATE AND TIME OF LATEST TRANSACTION | |
| control field | 20260208010541.0 |
| 041 ## - LANGUAGE CODE | |
| Language code of text/sound track or separate title | fre |
| 042 ## - AUTHENTICATION CODE | |
| Authentication code | dc |
| 100 10 - MAIN ENTRY--PERSONAL NAME | |
| Personal name | Larivée, Annie |
| Relator term | author |
| 245 00 - TITLE STATEMENT | |
| Title | Pierre Hadot, La philosophie comme manière de vivre. Entretiens avec J. Carlier et A. Davidson, Paris, Albin Michel, 2001, 283 p., 18,29 E. |
| 260 ## - PUBLICATION, DISTRIBUTION, ETC. | |
| Date of publication, distribution, etc. | 2005.<br/> |
| 500 ## - GENERAL NOTE | |
| General note | 37 |
| 786 0# - DATA SOURCE ENTRY | |
| Note | Revue philosophique de la France et de l'étranger | 130 | 1 | 2005-03-01 | p. 77zq-130zq | 0035-3833 |
| 856 41 - ELECTRONIC LOCATION AND ACCESS | |
| Uniform Resource Identifier | <a href="https://shs.cairn.info/revue-philosophique-2005-1-page-77zq?lang=fr&redirect-ssocas=7080">https://shs.cairn.info/revue-philosophique-2005-1-page-77zq?lang=fr&redirect-ssocas=7080</a> |
Pas d'exemplaire disponible.




Réseaux sociaux